|
|
|
|
| LEADER |
01446nam a22003137a 4500 |
| 001 |
33933 |
| 003 |
BD-DhAAL |
| 005 |
20181112111157.0 |
| 008 |
181111t20162013bg a|||| b||| 00| 0 ben d |
| 999 |
|
|
|c 40191
|d 40191
|
| 020 |
|
|
|a 9789893357960
|
| 040 |
|
|
|a BD-DhAAL
|
| 041 |
|
|
|a ben
|
| 082 |
|
|
|2 22
|a 954.9205092
|
| 100 |
|
|
|a চৌধুরী, বদিউজ্জামান
|9 28812
|
| 245 |
|
|
|a খোকা থেকে বঙ্গবন্ধু /
|c বদিউজ্জামান চৌধুরী
|
| 246 |
|
|
|a Khoka thaka bongobundhu
|
| 250 |
|
|
|a দ্বিতীয় সংস্করণ
|
| 260 |
|
|
|a ঢাকা :
|b কথামেলা প্রকাশন,
|c ২০১৬
|
| 300 |
|
|
|a ২১৬ পৃষ্ঠা :
|b চিত্র ;
|c ২২ সে.মি.
|
| 504 |
|
|
|a গ্রন্থপঞ্জিগত নির্দেশিকা অন্তভূক্ত
|
| 526 |
|
|
|a AAL
|
| 541 |
|
|
|a Boibazar.com
|e 33933
|
| 600 |
|
|
|a Mujibur Rahman,
|c Sheikh,
|d 1920-1975
|x Political and social views
|x Biography
|9 28813
|
| 650 |
|
|
|a Bangladesh
|x Politics and government.
|9 28814
|
| 650 |
|
|
|a Bangladesh
|x History
|y Revolution, 1971
|9 28818
|
| 852 |
|
|
|a Ayesha Abed Library
|c Bangabandhu Corner
|
| 942 |
|
|
|2 ddc
|c BK
|
| 952 |
|
|
|0 0
|1 0
|2 ddc
|4 0
|6 954_920509200000000_CHU
|7 0
|9 64584
|a BRACUL
|b BRACUL
|c BNC
|d 2018-11-01
|e Boibazar.com
|g 270.00
|l 3
|m 23
|o 954.9205092 CHU
|p 3010033933
|r 2021-06-07
|s 2020-03-16
|t 1
|v 270.00
|w 2018-11-01
|y BK
|